Discovering the Bible : (Record no. 1092)

MARC details
000 -LEADER
fixed length control field 01313cam a2200373 a 4500
001 - CONTROL NUMBER
control field 50305
003 - CONTROL NUMBER IDENTIFIER
control field GBCCL
005 - DATE AND TIME OF LATEST TRANSACTION
control field 20241126110353.0
008 - FIXED-LENGTH DATA ELEMENTS--GENERAL INFORMATION
fixed length control field 870925s1986 enka j b 001 0 eng
010 ## -
-- 86218402 /AC
015 ## -
-- GB86-18122
020 ## - INTERNATIONAL STANDARD BOOK NUMBER
International Standard Book Number 0802836240 (U.S. : jacket)
020 ## - INTERNATIONAL STANDARD BOOK NUMBER
International Standard Book Number 0551013729 (UK)
035 ## - SYSTEM CONTROL NUMBER
System control number (OCoLC)16873859
040 ## - CATALOGING SOURCE
Original cataloging agency DLC
Transcribing agency DLC
Modifying agency OCL
-- UKM
049 ## -
-- LBBK
-- LBBT
-- LBBC
050 0# -
-- BS621
-- .D57 1986
082 0# - DEWEY DECIMAL CLASSIFICATION NUMBER
Classification number 220.93
Edition information 19
Item number DIS
090 ## - LOCALLY ASSIGNED LC-TYPE CALL NUMBER (OCLC); LOCAL CALL NUMBER (RLIN)
Classification number (OCLC) (R) ; Classification number, CALL (RLIN) (NR) BS621
Local cutter number (OCLC) ; Book number/undivided call number, CALL (RLIN) .D57 1986
245 00 - TITLE STATEMENT
Title Discovering the Bible :
Remainder of title archaeologists look at scripture /
Statement of responsibility, etc. edited by Tim Dowley.
260 ## - PUBLICATION, DISTRIBUTION, ETC.
Place of publication, distribution, etc. Basingstoke, Hants :
Name of publisher, distributor, etc. Marshall Pickering ;
Place of publication, distribution, etc. Grand Rapids, Mich. :
Name of publisher, distributor, etc. Eerdmans,
Date of publication, distribution, etc. c1986.
300 ## - PHYSICAL DESCRIPTION
Extent 144 p. :
Other physical details col. ill. ;
Dimensions 25 cm.
500 ## - GENERAL NOTE
General note Includes index.
504 ## - BIBLIOGRAPHY, ETC. NOTE
Bibliography, etc. note Bibliography: p. 141.
520 ## - SUMMARY, ETC.
Summary, etc. Explores the results of recent archaeological finds which provide information on events in the Old and New Testaments.
630 00 - SUBJECT ADDED ENTRY--UNIFORM TITLE
Uniform title Bible
General subdivision Antiquities
Form subdivision Juvenile literature.
9 (RLIN) 1944
630 01 - SUBJECT ADDED ENTRY--UNIFORM TITLE
Uniform title Bible
General subdivision Antiquities.
9 (RLIN) 1889
630 04 - SUBJECT ADDED ENTRY--UNIFORM TITLE
Uniform title Bible
General subdivision Evidences, authority, etc.
9 (RLIN) 351
630 04 - SUBJECT ADDED ENTRY--UNIFORM TITLE
Uniform title Bible
General subdivision Antiquities.
9 (RLIN) 1889
650 #1 - SUBJECT ADDED ENTRY--TOPICAL TERM
Topical term or geographic name entry element Archaeology.
9 (RLIN) 1945
653 ## - INDEX TERM--UNCONTROLLED
Uncontrolled term Bible
-- Historicity
-- Archaeological sources
700 1# - ADDED ENTRY--PERSONAL NAME
Personal name Dowley, Tim.
9 (RLIN) 1946
942 ## - ADDED ENTRY ELEMENTS (KOHA)
Source of classification or shelving scheme Dewey Decimal Classification
Koha item type Books
Koha issues (borrowed), all copies 18
Holdings
Withdrawn status Lost status Source of classification or shelving scheme Damaged status Not for loan Home library Current Library Shelving location Date acquired Total checkouts Total renewals Full call number Barcode Date last seen Date last checked out Copy number Price effective from Koha item type
    Dewey Decimal Classification     GRACE BIBLE COLLEGE GRACE BIBLE COLLEGE Biblical Studies 2017-04-17 6 1 220.93 DIS 003382 2025-05-01 2019-10-28 c.1 2017-04-17 Books
    Dewey Decimal Classification     GRACE BIBLE COLLEGE GRACE BIBLE COLLEGE Biblical Studies 2017-04-17 4   220.93 DIS 003405 2025-05-01 2019-10-14 c.3 2017-04-17 Books
    Dewey Decimal Classification     GRACE BIBLE COLLEGE GRACE BIBLE COLLEGE Biblical Studies 2017-04-17 4   220.93 DIS 003404 2025-05-01 2019-10-17 c.2 2017-04-17 Books
    Dewey Decimal Classification     GRACE BIBLE COLLEGE GRACE BIBLE COLLEGE Biblical Studies 2017-04-17 5 1 220.93 DIS 003406 2025-05-01 2024-07-16 c.4 2017-04-17 Books
© Grace Bible College Library 2025